<?xml version="1.0" encoding="UTF-8"?><?xml-stylesheet type="text/xsl" href="static/style.xsl"?><OAI-PMH xmlns="http://www.openarchives.org/OAI/2.0/" xmlns:xsi="http://www.w3.org/2001/XMLSchema-instance" xsi:schemaLocation="http://www.openarchives.org/OAI/2.0/ http://www.openarchives.org/OAI/2.0/OAI-PMH.xsd"><responseDate>2026-06-01T20:48:23Z</responseDate><request verb="GetRecord" identifier="oai:riuma.uma.es:10630/14533" metadataPrefix="marc">https://riuma.uma.es/rest/oai/request</request><GetRecord><record><header><identifier>oai:riuma.uma.es:10630/14533</identifier><datestamp>2026-02-03T11:49:41Z</datestamp><setSpec>com_10630_2254</setSpec><setSpec>col_10630_37959</setSpec></header><metadata><record xmlns="http://www.loc.gov/MARC21/slim" xmlns:dcterms="http://purl.org/dc/terms/" xmlns:doc="http://www.lyncode.com/xoai" xmlns:xsi="http://www.w3.org/2001/XMLSchema-instance" xsi:schemaLocation="http://www.loc.gov/MARC21/slim http://www.loc.gov/standards/marcxml/schema/MARC21slim.xsd">
   <leader>00925njm 22002777a 4500</leader>
   <datafield ind2=" " ind1=" " tag="042">
      <subfield code="a">dc</subfield>
   </datafield>
   <datafield ind2=" " ind1=" " tag="720">
      <subfield code="a">Zamarreño-Aramendia, Gorka</subfield>
      <subfield code="e">author</subfield>
   </datafield>
   <datafield ind2=" " ind1=" " tag="720">
      <subfield code="a">Ruiz-Romero-de-la-Cruz, Elena María</subfield>
      <subfield code="e">author</subfield>
   </datafield>
   <datafield ind2=" " ind1=" " tag="720">
      <subfield code="a">Cruz-Ruiz, Elena de los Reyes</subfield>
      <subfield code="e">author</subfield>
   </datafield>
   <datafield ind2=" " ind1=" " tag="260">
      <subfield code="c">2017-09-26</subfield>
   </datafield>
   <datafield ind2=" " ind1=" " tag="520">
      <subfield code="a">Wine routes have become a powerful focus of tourist attraction in Spain in the last decade.&#xd;
They have certain advantages over other typologies because they allow the tourist flow without "seasonal" links associated with quality tourism. These routes place value on cultural traditions and deserve a thorough study both at general level and cases studies.&#xd;
Malaga must be studied as it enjoys a leadership capacity in the world tourism sector and an oenological tradition of centuries whose territory can and must be revitalized by adapting its development strategies to new forms of tourism. The construction of a new route will extend the sightseeing tours to the different territorial demarcations, because to this day only the one existing in the region of Ronda, is certified.&#xd;
After a careful review of the literature, we will carry out an analysis of the profile of the oenological tourist in Malaga with the aim of outlining a quality tourism product in line with the existing demand, identifying the potential customers of the future wine route of Malaga. We will use the survey as a way of gathering information and from this point; a</subfield>
   </datafield>
   <datafield ind1="8" ind2=" " tag="024">
      <subfield code="a">http://hdl.handle.net/10630/14533</subfield>
   </datafield>
   <datafield ind1="8" ind2=" " tag="024">
      <subfield code="a">http://orcid.org/0000-0003-1568-4540</subfield>
   </datafield>
   <datafield tag="653" ind2=" " ind1=" ">
      <subfield code="a">Turismo - Málaga</subfield>
   </datafield>
   <datafield tag="653" ind2=" " ind1=" ">
      <subfield code="a">Enología - Málaga</subfield>
   </datafield>
   <datafield ind2="0" ind1="0" tag="245">
      <subfield code="a">The developement of oenological route of Malaga from Demand Side</subfield>
   </datafield>
</record>
</metadata></record></GetRecord></OAI-PMH>